000 00544nam a2200217Ia 4500
005 20241216010422.0
008 180423s9999||||xx |||||||||||||| ||und||
082 _a515
_bR47
100 _aREY PASTOR, JULIO Y OTROS
245 0 _aANALISIS MATEMATICO
250 _a7
260 _aBUENOS AIRES-ARGENTINA
_bKAPELUSZ
_c1963
300 _a1952 pag
_c22 cm
341 _h0
490 _v1
_a0
505 _aANALISIS-ALGEBRA/ECUACIONES-CALCULO
541 _aC
_d03-Dec-93
650 _aCIENCIAS PURAS
856 _zCC. Puras
942 _cLIBRO
999 _c13953
_d13953